00329 a2200133 450000100060000002000180000604000240002410000330004824000360008124500310011730000070014836200090015565000310016446797 a9788563877116 cAnchieta - Aquarius aFerreira, Hellenice de Souza10aUm menino chamado Negrinholpor10aUm menino chamado Negrinho a400 a2011 4aLiteratura infanto-juvenil